| 000 | 00933nam a22002537a 4500 | ||
|---|---|---|---|
| 005 | 20090505110443.0 | ||
| 008 | 090505t xxu||||| |||| 00| 0 eng d | ||
| 010 | _aENG-93419 | ||
| 020 |
_a818988669X _c880.00 |
||
| 020 |
_a9788189886691 _c880.00 |
||
| 035 | _aEN-76952 | ||
| 037 | _bDBAD / PUB | ||
| 040 |
_adpl _bEnglish |
||
| 082 | _a338.9 | ||
| 100 | _aBhuimali, Anil | ||
| 245 |
_aEconomic issues in SAARC context / _cby Anil Bhuimali [and] Chandan K. Mukhopadhyay |
||
| 260 |
_aDelhi _bAbhijeet Publications _c2008 |
||
| 270 |
_a2/46 Tukhmeerpur Extension _bDelhi _e110094 |
||
| 300 |
_axiv, 298p. _c22cm (Hb) |
||
| 500 | _aIncludes references | ||
| 700 | _aMukhopadhyay, Chandan K. | ||
| 942 |
_2ddc _cEN _mBHU _h338.9 |
||
| 999 |
_c26087 _d26087 |
||